00928nam a2200229 a 4500001001000000003000500010005001700015008004100032010001100073011001100084040000900095100003400104245015600138260004200294500006000336502010200396650003800498650003700536650003900573856001600612856007000628000109008CHAP20220329144033.0140327s2013 mx a sm |||||||spa d a105470 a106442 cCHAP00aAlvarez Cisneros, Edgar Abel.10aAnálisis del los flujos de inversión extranjera directa hacia México durante el periodo 1999-2012h[En línea]cpor Edgar Abel Alvarez Cisneros. aChapingo, Méx. :bEl autor.,c2013. aPara ver el contenido del material haga clic en la liga aTesis (Lic. en Económia Agrícola) -- UACH. División de Ciencias Económico Administrativas14aDesarrollo económicozMéxico.14aIndustria maquiladorazMéxico.14aInversiones extranjerasxMéxico. a1 n0000276 aFinding aiduhttp://10.13.5.2/tesis/sist109008.pdfzTeclea aquí